| 000 | 01089nam a2200277 a 4500 | ||
|---|---|---|---|
| 001 | BRCA_284 | ||
| 005 | 20190320202939.0 | ||
| 008 | 910501s2008 sp-a---###---#000-0dspa-# | ||
| 020 | _a9788489895225 | ||
| 041 | _aspaeng | ||
| 044 | _asp | ||
| 050 | 4 |
_aND813.V4 _b.T6 2008 |
|
| 245 | 1 | 0 |
_aEn torno a Santa Rufina _bVelázquez de lo íntimo a lo cortesano : simposio internacional _ccoordinación Benito Navarrete Prieto ; traducción Paul Edson, Araceli Montero. |
| 260 |
_aSevilla _bFundación Focus-Abengoa, Centro Velázquez _c2008 |
||
| 300 |
_a424 p. _bil. _c25 cm. |
||
| 500 | _aCatálogo Simposio Internacional realizado en Sevilla, 10-12 marzo, 2008 | ||
| 504 | _aBibliografía: p. 407-424 | ||
| 546 | _aTexto en: español e inglés | ||
| 600 | 1 | 4 |
_aVelázquez, Diego Rodríguez de Silva y _d1599-1660 _xCrítica e interpretación _9954 |
| 650 | 1 | 4 |
_aPintura _ySiglo XVII _zEspaña _9955 |
| 650 | 1 | 4 |
_aPintores españoles _ySiglo XVII _9956 |
| 700 | 1 |
_aNavarrete Prieto, Benito _9957 |
|
| 700 | 1 |
_aEdson, Paul _etr. _9958 |
|
| 700 | 1 |
_aMontero, Araceli _etr. _9959 |
|
| 942 |
_2lcc _cB |
||
| 999 |
_c229 _d229 |
||